| 000 | 00534nam a22001817a 4500 | ||
|---|---|---|---|
| 003 | BD-DhUIB | ||
| 005 | 20260518150230.0 | ||
| 008 | 260518b |||||||| |||| 00| 0 eng d | ||
| 020 | _a9781787381377 | ||
| 040 |
_aBD-DhUIB _cBD-DhUIB |
||
| 082 | _222 | ||
| 100 |
_aSasakawa, Yohei. _91110 |
||
| 245 |
_aNo matter where the journeytakes me : _bone mans quest fora leprosy free world/ _cby Yohei Sasakawa. |
||
| 260 |
_aLondon. _bRead Japan project. _cc2019 |
||
| 300 |
_agx, 228p. : _billus. ; _c24cm. |
||
| 526 | _aMBA | ||
| 942 |
_2ddc _cBK |
||
| 999 |
_c706 _d706 |
||